| LEADER : 00000nas 2200000uu 4500 |
| 001 13399120466 |
| 003 ULIB |
| 008 020711s|||| th a 000 0 eng d |
| 022 0098-6283 |
| 245 Teaching of Psychology. |
| 260 The Official Journal of the Society for the Teaching of Psychology, Division Two of the American Psychological Association |
| 310 ^aรายสามเดือน |
| 650 วารสาร |
| 850 ^a ULIB^bYear 41 Number 4 c.1 Oct 2014 ;Year 41 Number 3 c.1 July 2014 ;Year 41 Number 1 c.1 Jan 2014 ;Year 40 Number 2 April 2013;Year 40 Number 1 Jan 2013;Year 40 Number 4 Oct 2013 Oct 2013;Year 41 Number 1 January 2014
|
| 945 ^p0^l0^i0006004982
|
| 945 ^p0^l0^i0006004981
|
| 945 ^p0^l0^i0006004980
|
| 945 ^p0^l0^i6004280
|
| 945 ^p0^l0^i6004299
|
| 945 ^p0^l0^i6004350
|
| 945 ^p0^l0^i6004396 |
| 999 ^aกรองทอง นามวิเศษ |